Kdo kdy rozhoduje? Autonomie českých dceřiných bank není prázdný pojem

Väčšina veľkých bankových domov pôsobiacich v Česku - Česká spořitelna, ČSOB, Komerční banka, UniCredit Bank, Raiffeisenbank, Moneta a ďalšie - je súčasťou medzinárodných finančných skupín. Hoci sú prepojené kapitálovo a strategicky, z hľadiska práva a regulácie sú samostatnými právnymi subjektami p...

Descrizione completa

Salvato in:
Dettagli Bibliografici
Autore principale: Sobková, Martina
Natura: Capitolo di libro
Lingua:ceco
Soggetti:
Tags: Aggiungi Tag
Nessun Tag, puoi essere il primo ad aggiungerne!!

MARC

LEADER 00000naa a2200000 4500
001 0314699
005 20260203114238.2
041 0 |a cze 
044 |a CZ 
245 1 0 |a Kdo kdy rozhoduje? Autonomie českých dceřiných bank není prázdný pojem  |c Martina Sobková 
520 |a Väčšina veľkých bankových domov pôsobiacich v Česku - Česká spořitelna, ČSOB, Komerční banka, UniCredit Bank, Raiffeisenbank, Moneta a ďalšie - je súčasťou medzinárodných finančných skupín. Hoci sú prepojené kapitálovo a strategicky, z hľadiska práva a regulácie sú samostatnými právnymi subjektami podliehajúcimi českej legislatíve a dohľadu ČNB. Vzťah tuzemských bánk k ich zahraničným vlastníkom je teda bezpochyby kľúčovým aspektom fungovania českého bankového trhu, ale zároveň je pre bežných obyvateľov Česka často úplne neviditeľný. 
610 2 0 |a bankovníctvo 
610 2 0 |a banky 
610 2 0 |a trh finančný 
610 2 0 |a legislatíva 
610 2 0 |a dohľad bankový 
100 1 |a Sobková, Martina